<?xml version="1.0" encoding="UTF-8"?>
<record
    xmlns:xsi="http://www.w3.org/2001/XMLSchema-instance"
    xsi:schemaLocation="http://www.loc.gov/MARC21/slim http://www.loc.gov/standards/marcxml/schema/MARC21slim.xsd"
    xmlns="http://www.loc.gov/MARC21/slim">

  <leader>01704nam a2200253 u 4500</leader>
  <controlfield tag="001">000046041</controlfield>
  <controlfield tag="005">20200120222449.0</controlfield>
  <controlfield tag="008">110722s2011    ck     er     000 j spa d</controlfield>
  <datafield tag="020" ind1=" " ind2=" ">
    <subfield code="a">9789584223753</subfield>
  </datafield>
  <datafield tag="041" ind1="0" ind2=" ">
    <subfield code="a">spa</subfield>
  </datafield>
  <datafield tag="043" ind1=" " ind2=" ">
    <subfield code="a">s-ck---</subfield>
  </datafield>
  <datafield tag="090" ind1=" " ind2=" ">
    <subfield code="a">AC</subfield>
    <subfield code="b">MENMl</subfield>
  </datafield>
  <datafield tag="100" ind1="1" ind2=" ">
    <subfield code="a">Mendoza, Mario</subfield>
  </datafield>
  <datafield tag="245" ind1="1" ind2="3">
    <subfield code="a">La locura de nuestro tiempo /</subfield>
    <subfield code="c">Mario Mendoza.</subfield>
  </datafield>
  <datafield tag="250" ind1=" " ind2=" ">
    <subfield code="a">3a. ed.</subfield>
  </datafield>
  <datafield tag="260" ind1=" " ind2=" ">
    <subfield code="a">Bogot&#xE1; :</subfield>
    <subfield code="b">Seix Barral,</subfield>
    <subfield code="c">2011.</subfield>
  </datafield>
  <datafield tag="300" ind1=" " ind2=" ">
    <subfield code="a">262 p.</subfield>
  </datafield>
  <datafield tag="490" ind1=" " ind2="0">
    <subfield code="a">Los tres mundos</subfield>
  </datafield>
  <datafield tag="500" ind1=" " ind2=" ">
    <subfield code="a">El ej.1 de Biblioteca Soacha corresponde a la 2a. edici&#xF3;n del 2010</subfield>
  </datafield>
  <datafield tag="520" ind1="3" ind2=" ">
    <subfield code="a">Durante a&#xF1;os he tomado notas en cuadernos escolares: historias que han pasado inadvertidas para los dem&#xE1;s, retratos de personajes que me atraen por una raz&#xF3;n o por otra, momentos en los cuales siento que la existencia se ilumina de una manera especial, peque&#xF1;as reflexiones sobre el aqu&#xED; y ahora. Algunas de esas notas las he utilizado para nutrir mis libros de cuentos y mis novelas, o las he publicado en diarios y revistas. Pero la gran mayor&#xED;a se han quedado in&#xE9;ditas. As&#xED; que ahora me complace mucho publicarlas en este libro como si fueran una bit&#xE1;cora de viaje, un testamento literario. &#xBB;La locura de nuestro tiempo es una suma de momentos especiales, historias, retratos y diagn&#xF3;sticos cuyo eje central es justamente esta intuici&#xF3;n inicial: que estar en Bogot&#xE1;, en Calcuta, en R&#xED;o de Janeiro, en Bangkok o en Ciudad de M&#xE9;xico es un privilegio. Nuestro deterioro, al menos, es expl&#xED;cito. El del Primer Mundo es soterrado, ocultado, no aceptado, y precisamente por eso mismo es m&#xE1;s demoledor</subfield>
  </datafield>
  <datafield tag="650" ind1="1" ind2="4">
    <subfield code="a">Cuentos colombianos</subfield>
  </datafield>
  <datafield tag="650" ind1="2" ind2="4">
    <subfield code="a">Literatura colombiana</subfield>
  </datafield>
  <datafield tag="650" ind1="2" ind2="4">
    <subfield code="a">Locura en la literauta</subfield>
  </datafield>
  <datafield tag="999" ind1=" " ind2=" ">
    <subfield code="c">2864</subfield>
    <subfield code="d">2864</subfield>
  </datafield>
  <datafield tag="952" ind1=" " ind2=" ">
    <subfield code="0">0</subfield>
    <subfield code="1">0</subfield>
    <subfield code="2">ddc</subfield>
    <subfield code="4">0</subfield>
    <subfield code="7">0</subfield>
    <subfield code="8">LA</subfield>
    <subfield code="a">BPMOS</subfield>
    <subfield code="b">BPMOS</subfield>
    <subfield code="d">2020-01-20</subfield>
    <subfield code="i">NT</subfield>
    <subfield code="l">26</subfield>
    <subfield code="m">8</subfield>
    <subfield code="o">AC MENMl</subfield>
    <subfield code="p">MOS020067</subfield>
    <subfield code="r">2025-09-25</subfield>
    <subfield code="s">2025-09-25</subfield>
    <subfield code="t">ej.1</subfield>
    <subfield code="w">2020-01-20</subfield>
    <subfield code="y">BKLIT</subfield>
    <subfield code="z">Quince d&#xED;as</subfield>
  </datafield>
</record>
